000 01136nam a2200325Ia 4500
001 Para_9080
003 CHAP
008 220125s2005 xx 000 0 und d
010 _a207687
040 _cCHAP
090 _aPA TESIS 1938
100 _aVera Heredia, José Manuel
_9118776
245 _aLevantamiento ecológico de malezas del cultivo de la cebada (Hordeum vulgare L.) en los llanos de Apan, Hidalgo /
_c por José Manuel Vera Heredia
260 _aChapingo, Méx. :
_b el autor
300 _a45 h.
502 _aTesis (Ing. Agr. Esp. en Parasitología Agrícola) -- UACh. Departamento Parasitología Agrícola
650 _aCebada
_x malas hierbas
_xcontrol
_920693
650 _aLabranza cero
_964307
650 _aLabranza convencional
_9171245
650 _aMalas hierbas
_x biología
_9172135
650 _aMalas hierbas
_x ecología
_970017
710 _aUACh. Departamento Parasitología Agrícola
_9164025
901 _aPA TESIS 1938
902 _aA
905 _a0000002005 mx mn 0000000000sp 00
910 _a2005
942 _cPARA
942 _cPARA
_d2
999 _c207687
_d207687